Las reformas a la seguridad social: contexto, características y tendencias /

Kaydedildi:
Detaylı Bibliyografya
Yazar: Ramírez López, Berenice P.
Materyal Türü: Metin
Etiketler: Etiketle
Etiket eklenmemiş, İlk siz ekleyin!

MARC

LEADER 00000 a a2200000 04500
001 45953
003
040 |a CRAI/IIS  |c CRAI/IIS 
090 |a REV0657 (85) 1996  
100 |a Ramírez López, Berenice P.  
245 |a Las reformas a la seguridad social:   |b contexto, características y tendencias /  |c Berenice P. Ramírez López  
773 |g número85 (1996), páginas 5-9  
999 |c 17838  |d 17838